000 00707nam a2200265Ia 4500
005 20260121114423.0
008 008 260114s9999 xx 000 0 eng d
020 _a9789354249563
037 _aEBOOK
040 _aCRL
040 _beng
040 _cCRL
041 _2eng
041 _aeng
084 _qCRL
100 _aWalker
_9974781
245 0 _aSustainable Development Goals - Harnessing Business to Achieve the SDGs through Finance, Technology and Law Reform
260 _bWiley
260 _c2021
650 _aStrategic Management
_9974782
856 _uhttps://ebooks.wileyindia.com/product-details/285508
942 _cEBOOK
999 _c1554008
_d1554008